logo

Bir Sreshtho Munshi Abdur Rouf Library
Jhenaidah Cadet College

Oh! to be in England / (Record no. 7643)

MARC details
000 -LEADER
fixed length control field 00501nam a22002057a 4500
001 - CONTROL NUMBER
JCCL Control Number 7643
003 - CONTROL NUMBER IDENTIFIER
JCCL marc code BD-JhCC
005 - DATE AND TIME OF LATEST TRANSACTION
control field 20180417122317.0
008 - FIXED-LENGTH DATA ELEMENTS--GENERAL INFORMATION
fixed length control field 180212s1966 -uk |||| |||| 00| 0 eng d
035 ## - SYSTEM CONTROL NUMBER
system control number (BD-JhCC)7643
040 ## - CATALOGING SOURCE
Original cataloging agency BD-JhCC
Modifying agency BD-JhCC
041 ## - LANGUAGE CODE
Language code of Book eng
082 ## - DEWEY DECIMAL CLASSIFICATION NUMBER
Classification number 813
Author mark and Year BAT 1966
100 ## - MAIN ENTRY--PERSONAL NAME
Personal name Bates, H. E.
245 ## - TITLE STATEMENT
Title Oh! to be in England /
Statement of responsibility, etc H. E. Bates
260 ## - PUBLICATION, DISTRIBUTION, ETC. (IMPRINT)
Place of publication, distribution, etc England :
Name of publisher, distributor, etc Penguin Books,
Date of publication, distribution, etc 1966.
300 ## - PHYSICAL DESCRIPTION
Pagination 142 p. :
Dimensions 18 cm.
650 ## - SUBJECT ADDED ENTRY--TOPICAL TERM
Topical term or geographic name as entry element Country Life
942 ## - ADDED ENTRY ELEMENTS (KOHA)
Source of classification or shelving scheme Dewey Decimal Classification
Koha item type Books
Holdings
Source of classification or shelving scheme Damaged status Not for loan Home library Current library Shelving location Date of accession Total Checkouts Full call number Barcode Date last seen Copy number Koha item type
Dewey Decimal Classification     JCC Rouf Library JCC Rouf Library General Stacks 02/12/2018   813 BAT 1966 10188 02/12/2018 C-1 Books

JCC Library | Contacts | JCC Home

Last Update on 23 September 2017
Copyright @ 2017-2020 JCC Rouf Library
Rouf Library, Jhenidah Cadet College (JCC), Bangladesh